000 00657nam a22002057a 4500
003 OSt
005 20260507015458.0
008 260507b |||||||| |||| 00| 0 eng d
020 _a971-06-1519-X
040 _aDWCL-Main Lib
_cOC
082 _aFil. 640 D542 1995
100 _aDiaz, Eden C. / Soriano, Nora N.
_eAuthors
245 _aTechnology and home economics III : home technology
260 _aPhilippines :
_bPhoenix Pub.,
_cc1995.
300 _a323 p. : ill. ;
_c26 cm.
504 _aIncludes bibliographical references.
650 _aHome and family management.
650 _aTechnology and home economics.
942 _2ddc
_cBK-FIL
_mFil.
_n0
999 _c10304
_d10304